header

A-LEVEL CHEMISTRY (Record no. 251671)

MARC details
000 -LEADER
fixed length control field 00228nam a22001097a 4500
100 ## - MAIN ENTRY--AUTHOR NAME
Personal name RAMSDEN E N
245 ## - TITLE STATEMENT
Title A-LEVEL CHEMISTRY
250 ## - EDITION STATEMENT
Edition statement 4TH ED.
260 ## - PUBLICATION, DISTRIBUTION, ETC. (IMPRINT)
Place of publication UK
Name of publisher NELSON THORNES
Year of publication 2000
300 ## - PHYSICAL DESCRIPTION
Number of Pages 768
Other physical details ILL
942 ## - ADDED ENTRY ELEMENTS (KOHA)
Koha item type Long Loan Books
Holdings
Withdrawn status Lost status Collection code Home library Current library Shelving location Date acquired Full call number Accession Number Koha item type
    Non-fiction Rongo University Library Rongo University Library General Stacks 01/12/2015 QD31.2 .R367 2000 20090723 Long Loan Books

© 2026 Rongo University
Contact us: librarian | system librarian | Rongo university